| 000 | 00989nam a22001937a 4500 | ||
|---|---|---|---|
| 003 | BD-DhUL | ||
| 005 | 20160822170710.0 | ||
| 008 | 160822b1994b bg ||||| |||| 00| 0 ben d | ||
| 040 |
_cBD-DhUL _aBD-DhUL |
||
| 082 | 0 |
_a339 _bCHS |
|
| 110 | 1 | _aসেন্টার ফর পলিসি ডায়ালগ (সিপিডি) | |
| 245 | 1 |
_aকোটামু্ক্ত বিশ্বে বাংলাদেশের পোশাক শিল্প : _cসেন্টার ফর পলিসি ডায়ালগ (সিপিডি) _bসাম্প্রতিক প্রবণতা ও চ্যালেঞ্জ / |
|
| 260 |
_aঢাকা : _bসেন্টার ফর পলিসি ডায়ালগ (সিপিডি), _c২০০৮। |
||
| 300 |
_a২৫২ পৃ. : _c২৫ সে. মি. |
||
| 365 |
_aTK _b14.00 |
||
| 650 | 1 | _a বস্ত্র শিল্প - বাংলাদেশ | |
| 650 | 1 | _aBangladesh | |
| 942 |
_2ddc _cBK |
||
| 999 |
_c100576 _d100576 |
||